في الدراسات الإسلامية حدود وأحكام / (Record no. 14401)
[ view plain ]
| 000 -الفاتح | |
|---|---|
| حقل البيانات ثابتة الطول | 00801nam a22001817a 4500 |
| 008 - عناصر البيانات ثابتة الطول - معلومات عامة | |
| حقل البيانات ثابتة الطول | 100706s2004 xxu||||| |||| 00| 0 ara d |
| 020 ## - الرقم الدولى المعيارى للكتب | |
| الرقم الدولى المعيارى للكتاب | 9775444101 |
| 082 ## - رقم تصنيف ديوى العشرى | |
| رقم الطبعة | 22 |
| رقم التصنيف | 210,4 |
| رقم المادة | م ج ا |
| 100 1# - المدخل الرئيسى - إسم شخصى | |
| 9 (RLIN) | 15961 |
| الإسم الشخصى | مجاهد ، منتصر محمود |
| 245 ## - بيان العنوان | |
| العنوان | في الدراسات الإسلامية حدود وأحكام / |
| بيان المسئوليه,etc | منتصر محمود مجاهد |
| 260 ## - PUBLICATION, DISTRIBUTION, ETC. (IMPRINT) | |
| مكان الناشر او الموزع | القاهرة : |
| اسم الناشر او الموزع | دار القارئ العربي ، |
| تاريخ النشر أو التوزيع | 2004. |
| 300 ## - الوصف المادى | |
| التعداد | 398 ص : |
| أبعاد الوعاء | 24 سم. |
| 541 ## - تبصرة المصدر المباشر للتزويد | |
| مصدر التزويد | ألف باء ؛ |
| طريقة التزويد | شراء ؛ |
| 650 ## - المدخل الاضافى بالموضوع-مصطلح موضوعى | |
| 9 (RLIN) | 15965 |
| مصطلح موضوعي أو اسم جغرافي كعنصر مدخل | الإسلام |
| التقسيم الفرعي العام | أحكام |
| 650 ## - المدخل الاضافى بالموضوع-مصطلح موضوعى | |
| 9 (RLIN) | 15966 |
| مصطلح موضوعي أو اسم جغرافي كعنصر مدخل | الدراسات الإسلامية |
| 942 ## - عناصر المدخل الإضافي( كوها) | |
| مصدر التصنيف او مخطط الترفيف | Dewey Decimal Classification |
| Koha [default] item type | Book - Borrowing |
| حالة التراجع | حالة الفقد | مصدر التصنيف او خطة الترفيف | حالة تلف | ليس للاعارة | مجموعات كوها | المكان الدائم | المكان الحالي | موقع الترفيف | تاريخ الاكتساب | Source of acquisition | رقم الاستدعاء | الباركود | Date last seen | نوع الوعاء |
|---|---|---|---|---|---|---|---|---|---|---|---|---|---|---|
| Dewey Decimal Classification | Alef-Baa | Central Library | Central Library | Lower Floor | 06/07/2010 | 210,4 م ج ا | 000021381 | 15/07/2025 | Book - Borrowing |